Τα μυστήρια της ανθρωπότητας Mysteries of manking : αποκαλύψτε γοητευτικά στοιχεία για την καταγωγή της ανθρώπινης φυλής

Αποκαλύπτει την καταγωγή της ανθρώπινης φυλής μέσα από τις εξευρενήσεις των επιστημόνων καθώς και νέα στοιχεία για την ανθρώπινη εξέλιξη.

Αποθηκεύτηκε σε:
Λεπτομέρειες βιβλιογραφικής εγγραφής
Συγγραφή απο Οργανισμό/Αρχή: National Geographic Society (U.S.)
Άλλοι συγγραφείς: Jampell, Barbara (Παραγωγός)
Μορφή: Διαφάνειες
Γλώσσα:English
Greek
Δημοσίευση: [Washington D.C.] : Αθήνα : National Geographic Society, Διανομή Home Video Hellas, 1988.
Σειρά:National Geographic Video
Θέματα:
Ετικέτες: Προσθήκη ετικέτας
Δεν υπάρχουν, Καταχωρήστε ετικέτα πρώτοι!

MARC

LEADER 00000cgm a2200000 i 4500
001 1/66030
008 041119s1988####us ||| || ||eng||
035 |l 10075325 
040 |a GR-MY-UA  |b gre  |e aacr 
041 0 |a eng  |j gre 
082 0 |a 910.9   |2 (22)  
245 1 3 |a Τα μυστήρια της ανθρωπότητας   |h [μαγνητοσκόπηση] =   |b Mysteries of manking : αποκαλύψτε γοητευτικά στοιχεία για την καταγωγή της ανθρώπινης φυλής /   |c σενάριο και παραγωγή : Barbara Jampel ; National Geographic Society.  
246 1 |i Παράλληλος τίτλος:   |a Mysteries of manking  
260 |a [Washington D.C.] :   |a Αθήνα :   |b National Geographic Society,   |b Διανομή Home Video Hellas,   |c 1988.  
300 |a 1 βιντεοκασέτα (60 λεπτ.) :   |b ομιλ., έγχρ. ;   |c 1/2 ιν.  
490 1 |a National Geographic Video  
508 |a Παραγωγή του National Geographic Special από την National Geographic Society και WQED/Pittsburg; Δυνατότης παραγωγής από την CHEVRON; Εκτέλεση παραγωγής Dennis B. Kane, Thomas Skinner;  
511 0 |a Αφηγητής: Richard Kiley.  
520 |a Αποκαλύπτει την καταγωγή της ανθρώπινης φυλής μέσα από τις εξευρενήσεις των επιστημόνων καθώς και νέα στοιχεία για την ανθρώπινη εξέλιξη.  
538 |a VHS format.  
650 0 0 |a Discoveries in geography. 
650 0 0 |a Human evolution. 
650 0 0 |a Human beings  |x Origin. 
700 0 |a Jampell, Barbara.  |4 pro 
710 2 |a National Geographic Society (U.S.) 
830 0 |a National Geographic Video 
852 |a INST  |b LESVOS  |c AV  |e 20041122  |h 910.9 ΜΥΣ  |p 005100028094  |q 005100028094  |t VC  |y 23 
852 |a INST  |b LESVOS  |c AV  |e 20041119  |h 910.9 ΜΥΣ  |p 005100028103  |q 005100028103  |t VC  |y 23 
852 |a INST  |b RHODES  |c AV  |e 20050211  |h 910.9 ΜΥΣ  |p 005400017844  |q 005400017844  |t VC  |y 23 
901 |a BIBL1-2004-3 
901 |a BIBL4-2005-1 
909 |a Λ  |b 115431 
909 |a Λ  |b 115432 
909 |a Ρ  |b 042852 
922 |a 1ΕΛΗ  |b 199303  |c ΤΑΚ/ΚΥΒ 
922 |a 4  |b 199604  |c ΒΙΒΛΙΟΘΗΚΗ 
970 |a ΜΑΡΙΝΑΤΟΥ  |b ΜΥΡΣΙΝΗ  |z 2004/11/22